00369nam a2200157Ia 45000010006000000050017000060080041000230410008000640820020000721000031000922450035001232600009001583000028001676500008001956540008002032364620260414150951.0260414t2013||||xx |||||||||||||| ||spa|| aESP a681.2bC38 2011 aCreus Solé, AntonioeAUT 0aInstrumentación industrialb c2013 a776 páginas :c23 cm. aTCA aCII